[Event "Rheinhessen-ch U16/U18"]
[Site "Oppenheim"]
[Date "2015.01.05"]
[Round "3"]
[White "Ebling, Tim"]
[Black "Schaefer, Christoph"]
[Result "1/2-1/2"]
[WhiteElo "1255"]
[BlackElo "1590"]
[PlyCount "35"]
[EventDate "2015.01.03"]
[EventType "swiss"]
[EventRounds "7"]
[EventCountry "GER"]
[SourceTitle "EXT 2017"]
[Source "ChessBase"]
[SourceDate "2016.10.25"]
[SourceVersion "1"]
[SourceVersionDate "2016.10.25"]
[SourceQuality "1"]

1. c4 e5 2. g3 Nc6 3. Bg2 Bc5 4. Nc3 Nf6 5. Nf3 d6 6. 0-0 0-0 7. d3 h6 8. a3 a6 9. b4 Bb6 10. Bb2 Qe7 11. Rc1 Bf5 12. Na4 Nd7 13. Nxb6 Nxb6 14. d4 exd4 15. Nxd4 Be4 16. Nxc6 Bxc6 17. Bxc6 bxc6 18. Qd4 1/2-1/2

[Event "Rheinhessen-ch U16/U18"]
[Site "Oppenheim"]
[Date "2015.01.05"]
[Round "2"]
[White "Seibert, Jan"]
[Black "Ebling, Tim"]
[Result "0-1"]
[WhiteElo "1207"]
[BlackElo "1255"]
[PlyCount "72"]
[EventDate "2015.01.03"]
[EventType "swiss"]
[EventRounds "7"]
[EventCountry "GER"]
[SourceTitle "EXT 2017"]
[Source "ChessBase"]
[SourceDate "2016.10.25"]
[SourceVersion "1"]
[SourceVersionDate "2016.10.25"]
[SourceQuality "1"]

1. d4 f5 2. Bf4 Nf6 3. Nf3 e6 4. e3 Be7 5. Nc3 c6 6. Bd3 d5 7. 0-0 0-0 8. Ne2 Nh5 9. Be5 Nd7 10. c4 Nxe5 11. Nxe5 Nf6 12. c5 Ne4 13. Bxe4 fxe4 14. Nf4 Bg5 15. Ne2 Qf6 16. b4 Qe7 17. Nc3 Bd7 18. Rb1 Rf5 19. Qe2 Raf8 20. Ra1 Bh4 21. g3 Bf6 22. Ng4 e5 23. Rab1 exd4 24. Nxf6+ Qxf6 25. exd4 Qxd4 26. Nd1 Rf3 27. Qb2 Qd3 28. Ne3 Bh3 29. Rfd1 Qa6 30. Ng2 Qa3 31. Nh4 Qxb2 32. Rxb2 Rc3 33. Ng2 Bxg2 34. Kxg2 e3 35. fxe3 Rxe3 36. a4 Ra3 0-1